My Boy Only Breaks His Favorite Toys lyrics - Statistics

General Stats
  • This quiz has been taken 14 times
  • The average score is 240 of 252
Answer Stats
Lyrics % Correct
a
100%
again
100%
all
100%
army
100%
at
100%
best
100%
better
100%
boy
100%
breaks
100%
But
100%
but
100%
castles
100%
Cause
100%
danger
100%
days
100%
destroys
100%
favorite
100%
first
100%
first,
100%
for
100%
forever
100%
friend
100%
go
100%
he
100%
He
100%
head
100%
heart,
100%
heat
100%
here
100%
him
100%
his
100%
I
100%
I'm
100%
in
100%
it
100%
just
100%
Just
100%
know
100%
mall
100%
me
100%
me,
100%
much
100%
my
100%
My
100%
not
100%
of
100%
off
100%
Oh,
100%
on
100%
only
100%
play
100%
purchased
100%
queen
100%
sand
100%
saw
100%
seen
100%
should've
100%
Should've
100%
sickest
100%
smashed
100%
so
100%
The
100%
the
100%
There
100%
to
100%
told
100%
too
100%
tortured
100%
touch
100%
toys
100%
up
100%
voices
100%
was
100%
we
100%
when
100%
when,
100%
with
100%
you
100%
broken
91%
dead
91%
doll
91%
down
91%
felt
91%
fix
91%
gonna
91%
he's
91%
Kens
91%
knew
91%
known
91%
matter
91%
miss
91%
more
91%
night
91%
Once
91%
our
91%
parts,
91%
pieces
91%
plastic
91%
played
91%
pretend
91%
Puzzle
91%
right
91%
say
91%
smile
91%
Stole
91%
than
91%
these
91%
time
91%
because
82%
box
82%
end
82%
fit
82%
left
82%
loves
82%
myself
82%
out
82%
repeating
82%
sandlot
82%
took
82%
wild
82%
and
73%
back
73%
I'd
73%
I'll
73%
keeps
73%
litany
73%
pull
73%
Put
73%
reasons
73%
runs
73%
shelf,
73%
string
73%
tell
73%
that
73%
this
73%
why
73%
could've
64%
descend
64%
Rivulets
64%
called
55%
rain
55%
No matching quizzes found
Score Distribution
Percent of People with Each Score
Percentile by Number Answered
Your Score History
You have not taken this quiz